000 02401 a2200181 4500
001 59309
005 20260407155847.0
008 260407a1973 arg spa d
003 AR-UNSa-BCEJYS
040 _aAR-UNSa-BCEJYS
_bspa
_cAR-UNSa-BCEJYS
080 _a330.34(7/8)
_xDesarrollo Económico de América Latina
245 1 0 _aEl desarrollo integrado de Centroamérica en la presente década
_pBases y propuestas para el perfeccionamiento y la restructuraciónn del mercado común Centroamericano
264 1 _aBuenos Aires :
_bBID-INTAL
_c1973
520 _aTOMO I: 1. El desarrollo integrado en Centroamérica durante la década de 1960 – 2. La interdependencia de las variables integración y desarrollo y las perspectivas del desarrollo integrado en Centroamérica – 3. Una estrategia de desarrollo integrado para la próxima década – 4. Lineamientos de un plan de acción - Tomo III: 1. La constitución del Mercado Común Cetroamericano en la década de 1960. Arancel común y régimen de libre comercio - 2. Propuestas para perfeccionar la zona de libre comercio en la década de 1970. Arancel común y la constitución de la unión aduanera perfecta TOMO V: 1. El desarrollo de la agricultura durante la década 1960-1971 - 2. Perspectivas del desarrollo agrícola de los países Centroamericanos - 3. Estrategia para el desarrollo agrícola de los países Centroamericanos TOMO VIII: 1. La integración monetaria durante los últimos años - 2. Perspectiva de la integración monetaria para la presente década y plan de acción - 3. Lineamintos de una política comercial externa común - 4. Bases para una estrategia de desarrollo de las exportaciones no tradicionales de Centroamérica TOMO IX: 1. La movilización de recursos externos y su servicio - 2. El banco Centroaméricano de integración económica - 3. La inversión extranjera directa y la integración en Centroamércica - 4. El financiamiento de las instituciones regionales - 5. Mercado de capitales en Centroamérica TOMO X: 1. Introducción - 2. La evolución de las finanzas públicas en la década de 1960 - 3. Lineamientos básicos para un sistema tributario en Centroamérica - 4. El posible rol de mecanismo de compensación fiscal en Centroamérica
942 _cBK
590 _aniveau_biblio:m niveau_hierar:0
100 1 _aInstituto para la Integración de América Latina (INTAL)
999 _c6644
_d6644